000
00289 a2200109 4500
020
_a
9780740719073
041
_a
eng
100
_a
Needham, Robert
245
_a
Team secrets of the Navy SEALs : the elite military force's leadership principles for business
942
_c
BK
999
_c
18793
_d
18793
999
_d
18793